La Segunda transición en el Uruguay: gobierno y partido en un tiempo de reformas /
En este documento se exponen una serie de trabajos relacionados con el tema de las formas y sistemas de gobierno y las relaciones de partido durante los años que corren desde la restauración democrática en Uruguay hasta la última reforma constitucional (1985-1996). Se destacan rasgos específicos del...
Guardat en:
| Autor principal: | |
|---|---|
| Altres autors: | |
| Format: | Text |
| Publicat: |
s.l:
s.e
|
| Matèries: | |
| Etiquetes: |
Afegir etiqueta
Sense etiquetes, Sigues el primer a etiquetar aquest registre!
|
MARC
| LEADER | 00000 a a2200000 04500 | ||
|---|---|---|---|
| 001 | 32807 | ||
| 003 | |||
| 040 | |||
| 090 | |a 204000 | ||
| 100 | |a Lanzaro, Jorge | ||
| 245 | |a La Segunda transición en el Uruguay: gobierno y partido en un tiempo de reformas / |c Jorge Lanzaro | ||
| 260 | |a s.l: |b s.e | ||
| 300 | |a 188 p. | ||
| 520 | |a En este documento se exponen una serie de trabajos relacionados con el tema de las formas y sistemas de gobierno y las relaciones de partido durante los años que corren desde la restauración democrática en Uruguay hasta la última reforma constitucional (1985-1996). Se destacan rasgos específicos del presidencialismo pluralista uruguayo que ha vuelto luego de la dictadura, y que presenta nuevas modalidades | ||
| 650 | |a SISTEMAS POLITICOS | ||
| 650 | |a PODER EJECUTIVO | ||
| 650 | |a DESARROLLO POLITICO | ||
| 650 | |a REFORMA CONSTITUCIONAL | ||
| 650 | |a PARTIDOS POLITICOS | ||
| 650 | |a DEMOCRATIZACION | ||
| 650 | |a GLOBALIZACION | ||
| 650 | |a CAMBIO ECONOMICO | ||
| 650 | |a REFORMA ECONOMICA | ||
| 650 | |a MODERNIZACION | ||
| 650 | |a ORGANOS LEGISLATIVOS | ||
| 650 | |a PODER POLITICO | ||
| 650 | |a ADMINISTRACION PUBLICA | ||
| 650 | |a GOBERNA | ||
| 700 | |a coord. |a Caetano, Jorge |a Rilla, José |a Buquet, Daniel |a Chasquetti, Daniel |a Morales, Juan Andrés |a Garcé, Adolfo | ||
| 999 | |c 11147 |d 11147 | ||
